Programm der Abfallwirtschaft der Slowakischen Republik
Uložené v:
| Médium: | Kniha |
|---|---|
| Jazyk: | German |
| Vydavateľské údaje: |
Bratislava
ŠEVT
1993
|
| Vydanie: | 1. vyd. |
| Predmet: | |
| Tagy: |
Žiadne tagy, Buďte prvý, kto otaguje tento záznam!
|
MARC
| LEADER | 00000nam a2200000 4500 | ||
|---|---|---|---|
| 001 | c005647 | ||
| 005 | 20221128073725.7 | ||
| 020 | |a 80-88707-05-6 | ||
| 041 | 0 | |a ger | |
| 044 | |a SK | ||
| 245 | 1 | 0 | |a Programm der Abfallwirtschaft der Slowakischen Republik |
| 250 | |a 1. vyd. | ||
| 264 | 1 | |a Bratislava |b ŠEVT |c 1993 | |
| 300 | |a 87 s. | ||
| 610 | 2 | 0 | |a odpad |
| 610 | 2 | 0 | |a prostredie životné |
| 610 | 2 | 0 | |a Slovensko |
| 610 | 2 | 0 | |a stratégia hospodárska |
| 610 | 2 | 0 | |a štruktúra ekonomická |
| 610 | 2 | 0 | |a ciele riadenia |
| 610 | 2 | 0 | |a odvetvia činnosti ekonomickej |
| 610 | 2 | 0 | |a prognózy |
| 610 | 2 | 0 | |a správa štátna |